Complex analysis (Record no. 4)
[ view plain ]
| 000 -LEADER | |
|---|---|
| fixed length control field | 00536 a2200193 4500 |
| 001 - CONTROL NUMBER | |
| control field | 000231 |
| 003 - CONTROL NUMBER IDENTIFIER | |
| control field | OSt |
| 005 - DATE AND TIME OF LATEST TRANSACTION | |
| control field | 20251210122019.0 |
| 008 - FIXED-LENGTH DATA ELEMENTS--GENERAL INFORMATION | |
| fixed length control field | |
| 082 ## - DEWEY DECIMAL CLASSIFICATION NUMBER | |
| Classification number | 515.9 |
| Item number | B17C |
| 100 1# - MAIN ENTRY--PERSONAL NAME | |
| Personal name | Bak, Joseph |
| 245 1# - TITLE STATEMENT | |
| Title | Complex analysis |
| Statement of responsibility, etc | By Joseph Bak And D.j. Newman |
| 260 ## - PUBLICATION, DISTRIBUTION, ETC. (IMPRINT) | |
| Place of publication, distribution, etc | New Delhi |
| Name of publisher, distributor, etc | Springer |
| Date of publication, distribution, etc | 2009 |
| 300 ## - PHYSICAL DESCRIPTION | |
| Extent | 294p. |
| 500 ## - GENERAL NOTE | |
| General note | English |
| 690 ## - LOCAL SUBJECT ADDED ENTRY--TOPICAL TERM (OCLC, RLIN) | |
| Topical term or geographic name as entry element | Functions of complex variables; Analytic functions; Mathematics; Global analysis (Mathematics) |
| 700 ## - ADDED ENTRY--PERSONAL NAME | |
| Personal name | Newman, D.J. |
| 942 ## - ADDED ENTRY ELEMENTS (KOHA) | |
| Source of classification or shelving scheme | Dewey Decimal Classification |
| Koha item type | Books |
| Withdrawn status | Lost status | Source of classification or shelving scheme | Damaged status | Not for loan | Collection code | Home library | Current library | Department | Date acquired | Source of acquisition | Coded location qualifier | Cost, normal purchase price | Inventory number(Invoice/Date) | Total Checkouts | Full call number | Barcode | Date last seen | Date checked out | Price effective from | Koha item type | Public note |
|---|---|---|---|---|---|---|---|---|---|---|---|---|---|---|---|---|---|---|---|---|---|
| Dewey Decimal Classification | General Text Book | Central University Of Rajasthan | Central University Of Rajasthan | Mathematics | 07/03/2012 | MTH | Book Fair | 395.00 | 598/03-02-2010 | 4 | 515.9 B17C | 224 | 27/03/2026 | 17/03/2026 | 02/09/2020 | Books | Springer, New york | ||||
| Dewey Decimal Classification | General Text Book | Central University Of Rajasthan | Central University Of Rajasthan | Mathematics | 28/09/2010 | MTH | Book Fair | 395.00 | 598/03-02-2010 | 515.9 B17C | 223 | 21/11/2024 | 02/09/2020 | Books | Springer, New york |
